• 首页
  • 本馆介绍
  • 公告通知
  • 最新文献
  • 馆藏检索
  • 电子资源
  • 读者导购
  • 参考咨询
  • 我的图书馆
  • 登录
  • 详细信息显示
  • 放入我的书架
  • 预约/预借图书
  • 作者相关作品
  • 分类相关作品
  • 丛书相关作品
  • 出版社相关作品

书目信息

  • 表格格式
  • 工作单格式
  • 卡片格式
题名:
热力学原理
    
 
作者: 谢锐生 著 ;关德相 译
分册:  
出版信息: 北京   人民教育出版社  1980
页数: 304页
开本: 25cm
丛书名:
单 册:
中图分类: TK121
科图分类:
主题词: 热力工程--理论
电子资源:
ISBN:
000 00684nam0 2200241 45
001 0180005534
005 20060820110208.31
010    @dCNY1.70
091    @a15012.0296
100    @a19950622d1980 emky0chiy0121 ea
101 1  @achi@ceng
102    @aCN@b110000
105    @ay z 000yy
200 10 @a热力学原理@Are li xue yuan li@f(美)谢锐生著@F(mei)xie rui sheng zhu@g关德相等译
210    @a北京@c人民教育出版社@d1980
215    @a304页@d25cm
606 0  @a热力工程@x理论
690    @aTK121
701  0 @a谢锐生@Axie rui sheng@4著
702  0 @a关德相@Aguan de xiang@4译
801  2 @aCN@bNLC@c20060820
801  0 @aCN@b上海图书馆@c20060815
905    @f3@b54256-258@dTK121@e74
    
    热力学原理/(美)谢锐生著/关德相等译.-北京:人民教育出版社,1980
    304页;25cm
    
    
    ISBN :CNY1.70
    
●
相关链接 在E读中查询图书 在五车中查询图书 在当当中查询图书 在豆瓣中查询图书


正题名:热力学原理     索取号:TK121/74         预约/预借

序号 登录号 条形码 馆藏地/架位号 状态 备注
1 0054255   202134984   密集书库/ [索取号:TK121/74] 在馆    
2 0054256   001367700   密集书库/ [索取号:TK121/74] 在馆    
3 0054257   001367746   密集书库/ [索取号:TK121/74] 在馆    
4 0054258   001367666   第三借阅区/ [索取号:TK121/74] 在馆    
5 0054259   001367782   第二样本阅览室/ [索取号:TK121/74] 在馆    
6 0458445   204584459   密集书库/ [索取号:TK121/74] 在馆    
7 0458496   204584967   密集书库/ [索取号:TK121/74] 在馆    
8 0470335   204703357   密集书库/ [索取号:TK121/74] 在馆    
9 0470336   204703366   密集书库/ [索取号:TK121/74] 在馆    
唐山师范学院图书馆 欢迎您!
大连网信软件有限公司© 版权所有